2022-23 EFL Championship Table - Statistics

General Stats
  • This quiz has been taken 13 times
  • The average score is 19 of 24
Answer Stats
Place Points Team % Correct
17 53 Birmingham City
92%
1 101 Burnley
92%
3 80 Luton Town
92%
2 91 Sheffield United
92%
6 69 Sunderland
92%
11 63 Watford
92%
9 66 West Bromwich Albion
92%
5 70 Coventry City
85%
18 53 Huddersfield Town
85%
13 62 Norwich City
85%
20 50 Queens Park Rangers
85%
16 53 Stoke City
85%
7 69 Blackburn Rovers
77%
23 44 Blackpool
77%
14 59 Bristol City
77%
21 49 Cardiff City
77%
15 58 Hull City
77%
12 63 Preston North End
77%
8 68 Millwall
69%
22 44 Reading
69%
10 66 Swansea City
69%
24 42 Wigan Athletic
69%
4 75 Middlesbrough
62%
19 50 Rotherham United
62%
No matching quizzes found
Score Distribution
Percent of People with Each Score
Percentile by Number Answered
Your Score History
You have not taken this quiz